Statistics for Red Dead 2 Quotes

Click here to take the quiz!

General Stats

  • This quiz has been taken 120 times
  • The average score is 3 of 7

Answer Stats

HintAnswer% Correct
"Does this trolley go to Tahiti?"Arthur Morgan
95%
"I Believe There's Winners And Losers, And Nothing Else Besides."Micah Bell
60%
"I Wish I Had Acquired Wisdom At Less Of A Price."Hosea Matthews
56%
"Yes, sometimes the correct path, the bravest path is the least obvious, and also the gentlest."Rains Fall
30%
"Living free out here, like this... I wouldn't have it any other way."Lenny Summers
29%
"If you win power, remember why you wanted it."John Marston
23%
"No fight, good or bad, is won without blood. I know that better than most."Javier Escuella
20%

Score Distribution

Percentile by Number Answered

Percent of People with Each Score

Your Score History

You have not taken this quiz